Mineral substances of aquatic and terrestrial vegetation in the storage tank at Kisköre

Elmentve itt :
Bibliográfiai részletek
Szerzők: Tölgyesi György
Kozma Alajos
Dokumentumtípus: Cikk
Megjelent: 1984
Sorozat:Tiscia
Kulcsszavak:Természettudomány
Online Access:http://acta.bibl.u-szeged.hu/9915
LEADER 00659nab a2200193 i 4500
001 acta9915
005 20210323115314.0
008 161015s1984 hu o 0|| eng d
022 |a 0563-587X 
040 |a SZTE Egyetemi Kiadványok Repozitórium  |b hun 
041 |a eng 
100 1 |a Tölgyesi György 
245 1 0 |a Mineral substances of aquatic and terrestrial vegetation in the storage tank at Kisköre  |h [elektronikus dokumentum] /  |c  Tölgyesi György 
260 |c 1984 
300 |a 157-163 
490 0 |a Tiscia 
695 |a Természettudomány 
700 0 1 |a Kozma Alajos  |e aut 
856 4 0 |u http://acta.bibl.u-szeged.hu/9915/1/tiscia_019_157-163.pdf  |z Dokumentum-elérés